[Event "Championnat de France - Vétérans"]
[Site "Nimes"]
[Date "2009.08.13"]
[Round "3.7"]
[White "Pinchon, Henri"]
[Black "Mounier, Michel"]
[Result "1-0"]
[WhiteElo "1944"]
[BlackElo "1839"]
[PlyCount "80"]
[EventDate "2009.??.??"]

1. e4 e6 2. d4 d5 3. exd5 exd5 4. Bd3 Bd6 5. Nf3 Nf6 6. h3 Be6 7. Be3 c6 8.
Nbd2 Qb6 9. Rb1 Nbd7 10. O-O Qc7 11. c3 O-O-O 12. Ng5 Bh2+ 13. Kh1 Bf4 14. Nxe6
fxe6 15. Qf3 Bd6 16. b4 Rdf8 17. Qe2 e5 18. b5 c5 19. dxc5 Bxc5 20. Nb3 e4 21.
Bc2 b6 22. a4 h5 23. Nxc5 Nxc5 24. g3 Qd7 25. Kg2 Ne6 26. Rbc1 g5 27. a5 h4 28.
g4 Qd6 29. Bb3 Rd8 30. axb6 axb6 31. Ra1 Kb7 32. Ra6 Ra8 33. Rfa1 Rxa6 34. Rxa6
Ra8 35. Qa2 Nf4+ 36. Bxf4 Qxf4 37. Bxd5+ Kc7 38. Qc4+ Kd7 39. Qc6+ Ke7 40. Qe6+
Kf8 1-0

[Event "Championnat de France - Vétérans"]
[Site "Nimes"]
[Date "2009.08.13"]
[Round "3.8"]
[White "Ancival, Lucien"]
[Black "Vaisman, Volodia"]
[Result "0-1"]
[WhiteElo "1907"]
[BlackElo "2356"]
[PlyCount "86"]
[EventDate "2009.??.??"]

1. f4 Nf6 2. e3 g6 3. Nf3 Bg7 4. Be2 O-O 5. O-O c5 6. d3 d5 7. Nbd2 b6 8. Ne5
Bb7 9. Ndf3 Ne8 10. d4 Nd6 11. Ng5 e6 12. c3 Qe7 13. Ng4 f6 14. Nf3 Ba6 15.
dxc5 bxc5 16. Re1 Bxe2 17. Qxe2 Nc6 18. Nd2 f5 19. Nf2 c4 20. Nf3 Rab8 21. Nd4
Rfc8 22. g4 Kh8 23. b4 Ne4 24. Nxe4 fxe4 25. Bd2 a5 26. a3 Na7 27. a4 axb4 28.
cxb4 c3 29. Bc1 Bxd4 30. exd4 Nc6 31. Qe3 Qxb4 32. Rd1 c2 33. Rd2 Qc4 34. Qf2
Nb4 35. Qh4 Rf8 36. Qg5 Nd3 37. Rxd3 Qxd3 38. Qe5+ Kg8 39. Qxe6+ Rf7 40. Qxd5
e3 41. Qe5 Qd1+ 42. Kg2 Qxg4+ 43. Kh1 Qf3+ 0-1

[Event "Championnat de France - Vétérans"]
[Site "Nimes"]
[Date "2009.08.13"]
[Round "3.9"]
[White "Rosenfeld, Imre"]
[Black "Vernadet, Bernard"]
[Result "1-0"]
[WhiteElo "1937"]
[BlackElo "1775"]
[PlyCount "61"]
[EventDate "2009.??.??"]

1. d4 d5 2. Nf3 Nf6 3. e3 e6 4. Bd3 b6 5. Nbd2 Be7 6. Ne5 O-O 7. f4 Nbd7 8. O-O
c5 9. Nc6 Qe8 10. b3 Bb7 11. Nxe7+ Qxe7 12. Qf3 a5 13. Bb2 Ba6 14. c4 cxd4 15.
exd4 Rfc8 16. a3 Rc7 17. Rac1 Rac8 18. Qe2 Bb7 19. f5 Qd6 20. fxe6 fxe6 21.
Rce1 Re8 22. Nf3 Ne4 23. Qe3 Ndf6 24. Ne5 Qd8 25. Be2 Rf8 26. Rd1 Qe8 27. a4
Qa8 28. Qh3 Ng5 29. Qh4 Nfe4 30. Ba3 Rxf1+ 31. Rxf1 1-0

[Event "Championnat de France - Vétérans"]
[Site "Nimes"]
[Date "2009.08.13"]
[Round "3.10"]
[White "Koenig, Joel"]
[Black "Zurano, Alberto"]
[Result "1-0"]
[WhiteElo "1926"]
[BlackElo "1798"]
[PlyCount "73"]
[EventDate "2009.??.??"]

1. Nc3 d5 2. d4 Nf6 3. Bg5 Nbd7 4. e3 e6 5. Bd3 Be7 6. f4 c5 7. Nf3 h6 8. Bh4
c4 9. Be2 Ng4 10. Bxe7 Qxe7 11. Qd2 a6 12. O-O b5 13. a3 b4 14. axb4 Qxb4 15.
h3 Ngf6 16. Ne5 Nf8 17. b3 cxb3 18. cxb3 Bb7 19. Nd3 Qe7 20. Nc5 a5 21. Bb5+
Kd8 22. N3a4 Qc7 23. Rfc1 Qb8 24. Nxb7+ Qxb7 25. Bc6 Qb8 26. Bxa8 Qxa8 27. Nb6
Qa7 28. Qxa5 Qxa5 29. Rxa5 Ke7 30. Ra7+ N8d7 31. Nxd7 Nxd7 32. Rcc7 Rd8 33. Kf2
Kd6 34. Ke2 f6 35. b4 g6 36. b5 h5 37. Rc6+ 1-0

[Event "Championnat de France - Vétérans"]
[Site "Nimes"]
[Date "2009.08.14"]
[Round "4.1"]
[White "Ricter, Jean-Paul"]
[Black "Pinchon, Henri"]
[Result "1-0"]
[WhiteElo "2093"]
[BlackElo "1944"]
[PlyCount "95"]
[EventDate "2009.??.??"]

1. e4 c5 2. d4 cxd4 3. c3 g6 4. Nf3 Bg7 5. Bc4 e6 6. O-O d6 7. Nxd4 Nf6 8. Bg5
O-O 9. Nd2 a6 10. a4 Qb6 11. Qf3 Ne8 12. Qg3 h6 13. Be3 Nc6 14. f4 Nxd4 15.
cxd4 Nf6 16. Rac1 Qa5 17. Bb3 Bd7 18. Nc4 Nxe4 19. Nxa5 Nxg3 20. hxg3 b5 21.
Rc7 Be8 22. Nc6 d5 23. g4 Bxc6 24. Rxc6 Rab8 25. a5 Ra8 26. f5 exf5 27. gxf5
Rfe8 28. Bf2 gxf5 29. Bxd5 Rad8 30. Bf3 Re6 31. d5 Rg6 32. b4 Be5 33. Rfc1 Bf4
34. Rc8 Rgd6 35. Rxd8+ Rxd8 36. Rc6 Bd2 37. Bd4 Bxb4 38. Rxh6 f6 39. Rh8+ Kxh8
40. Bxf6+ Kg8 41. Bxd8 Bd6 42. Kf1 Kf7 43. Bh5+ Kf8 44. Ke2 b4 45. Kd3 Bg3 46.
Kc4 Be1 47. d6 Bd2 48. Be7+ 1-0

[Event "Championnat de France - Vétérans"]
[Site "Nimes"]
[Date "2009.08.14"]
[Round "4.2"]
[White "Auge, Jean"]
[Black "Basic, Bosko"]
[Result "0-1"]
[WhiteElo "1927"]
[BlackElo "2068"]
[PlyCount "40"]
[EventDate "2009.??.??"]

1. e4 e5 2. f4 d5 3. exd5 c6 4. Qe2 cxd5 5. Qxe5+ Be7 6. Bb5+ Nc6 7. Nf3 Nf6 8.
Bxc6+ bxc6 9. Qc3 Qb6 10. d4 Bb4 11. Bd2 Bxc3 12. Bxc3 O-O 13. O-O Ne4 14. Nbd2
Ba6 15. Rfe1 Rfe8 16. Ne5 f6 17. Nd7 Qc7 18. Nxe4 Rxe4 19. Nc5 Rxe1+ 20. Rxe1
Bc8 0-1

[Event "Championnat de France - Vétérans"]
[Site "Nimes"]
[Date "2009.08.14"]
[Round "4.3"]
[White "Violeau, Jean-Luc"]
[Black "Andrieu, Philippe"]
[Result "1-0"]
[WhiteElo "1890"]
[BlackElo "1962"]
[PlyCount "125"]
[EventDate "2009.??.??"]

1. Nf3 d5 2. d4 Bf5 3. Bf4 e6 4. e3 Bd6 5. Bxd6 Qxd6 6. c3 Nd7 7. Bd3 Bg4 8.
Nbd2 Ngf6 9. Be2 O-O 10. O-O Rfe8 11. Re1 c5 12. h3 Bh5 13. Nh4 Bxe2 14. Rxe2
Ne4 15. Nhf3 f5 16. Rc1 Rad8 17. Ne1 b6 18. Nxe4 fxe4 19. f4 exf3 20. Nxf3 Rf8
21. Qc2 Qg3 22. Rf1 e5 23. e4 cxd4 24. cxd4 exd4 25. Nxd4 Rxf1+ 26. Kxf1 Rf8+
27. Kg1 Qe5 28. Nf3 Qg3 29. Rf2 dxe4 30. Qxe4 Nc5 31. Qd5+ Kh8 32. b4 Na6 33.
a3 h6 34. Qd4 Nc7 35. Qd7 Qf4 36. Qd2 Qf5 37. Qc2 Nb5 38. Qb2 Qd5 39. Rd2 Qf5
40. Rf2 Qf4 41. Rd2 Qe3+ 42. Kh2 Nxa3 43. Rd7 Qf4+ 44. Kh1 Qg3 45. Qxa3 Re8 46.
Qc3 a5 47. bxa5 bxa5 48. Ra7 Rb8 49. Qc2 Re8 50. Qd2 Rb8 51. Qc2 Re8 52. Qd1
Qg6 53. Rxa5 Rb8 54. Ra1 Rb2 55. Qf1 Qc6 56. Rd1 Qc7 57. Qd3 Rb8 58. Qd6 Qc8
59. Ne5 Qe8 60. Nf7+ Kh7 61. Qd5 Rb5 62. Qd3+ Kg8 63. Nd6 1-0

[Event "Championnat de France - Vétérans"]
[Site "Nimes"]
[Date "2009.08.14"]
[Round "4.4"]
[White "Vaisman, Volodia"]
[Black "Colas, Yves"]
[Result "1-0"]
[WhiteElo "2356"]
[BlackElo "1784"]
[PlyCount "127"]
[EventDate "2009.??.??"]

1. Nf3 Nf6 2. c4 e6 3. Nc3 b6 4. e4 d6 5. d4 Bb7 6. Bd3 Nbd7 7. O-O e5 8. d5
Nc5 9. Bc2 Be7 10. b4 Ncd7 11. Ba4 O-O 12. Be3 a5 13. a3 Qc8 14. Bc6 Rd8 15.
Nd2 Nf8 16. b5 Rb8 17. f3 Ng6 18. g3 Qh3 19. Qe2 h5 20. Nd1 Bxc6 21. bxc6 Qc8
22. Bf2 Qh3 23. Be3 Qc8 24. Nc3 Ra8 25. Nb5 Kh7 26. h4 Rh8 27. Kh2 Kg8 28. Qg2
Ne8 29. Qh3 Qxh3+ 30. Kxh3 f6 31. Rab1 Bd8 32. Rf2 Ne7 33. f4 Nc8 34. Rbf1 Rh7
35. a4 Ra6 36. Nb3 Ra8 37. Nc1 Na7 38. Nc3 Be7 39. Nd3 Rc8 40. Nc1 g6 41. Rb2
Rb8 42. Nb3 Rc8 43. Nxa5 bxa5 44. Bxa7 exf4 45. gxf4 Bf8 46. Rg2 Kf7 47. Rfg1
Rg7 48. Bd4 Rg8 49. f5 g5 50. hxg5 fxg5 51. Rxg5 Rxg5 52. Rxg5 Bg7 53. Bxg7
Nxg7 54. c5 dxc5 55. e5 Rb8 56. e6+ Kf8 57. Nb5 Rxb5 58. axb5 a4 59. b6 a3 60.
bxc7 a2 61. d6 a1=Q 62. c8=Q+ Ne8 63. e7+ Kf7 64. Qe6# 1-0

[Event "Championnat de France - Vétérans"]
[Site "Nimes"]
[Date "2009.08.14"]
[Round "4.5"]
[White "Renault, Jean-Pierre"]
[Black "Belluire, Patrice"]
[Result "1/2-1/2"]
[WhiteElo "1919"]
[BlackElo "1985"]
[PlyCount "44"]
[EventDate "2009.??.??"]

1. d4 Nf6 2. Bf4 e6 3. e3 c5 4. c3 Be7 5. Nf3 Nh5 6. Bg3 Qb6 7. Qc2 d6 8. Nbd2
Bd7 9. a4 Nxg3 10. hxg3 h6 11. Nc4 Qc7 12. Be2 Nc6 13. dxc5 dxc5 14. a5 O-O 15.
g4 b5 16. axb6 axb6 17. Rxa8 Rxa8 18. g5 Ra1+ 19. Bd1 b5 20. Ncd2 e5 21. gxh6
g6 22. Nh4 Kh7 1/2-1/2

[Event "Championnat de France - Vétérans"]
[Site "Nimes"]
[Date "2009.08.14"]
[Round "4.6"]
[White "Marbot, Raymond"]
[Black "Rosenfeld, Imre"]
[Result "1/2-1/2"]
[WhiteElo "1912"]
[BlackElo "1937"]
[PlyCount "50"]
[EventDate "2009.??.??"]

1. e4 c6 2. d4 d5 3. Nc3 dxe4 4. Nxe4 Nd7 5. Nf3 Ngf6 6. Ng3 e6 7. Bd3 c5 8.
O-O cxd4 9. Nxd4 a6 10. c3 Be7 11. Re1 O-O 12. Qe2 Re8 13. Ne4 Nc5 14. Nxc5
Bxc5 15. Nb3 Be7 16. Bg5 Nd5 17. Bxe7 Qxe7 18. Bc2 Nf6 19. Rad1 Bd7 20. Nd4 Qc5
21. Nf3 Rad8 22. Ne5 Bc6 23. Rxd8 Rxd8 24. Nxc6 Qxc6 25. Rd1 Qc7 1/2-1/2

[Event "Championnat de France - Vétérans"]
[Site "Nimes"]
[Date "2009.08.14"]
[Round "4.7"]
[White "Birens, Eric-Andre"]
[Black "Koenig, Joel"]
[Result "1-0"]
[WhiteElo "2025"]
[BlackElo "1926"]
[PlyCount "47"]
[EventDate "2009.??.??"]

1. d4 Nc6 2. d5 Ne5 3. e4 e6 4. f4 Ng6 5. dxe6 fxe6 6. Nf3 Bc5 7. Bd3 d6 8. Bd2
Nf6 9. Qe2 O-O 10. g3 Ng4 11. Rf1 c6 12. h3 Nf6 13. Nc3 b5 14. e5 Nh5 15. Ne4
dxe5 16. Nfg5 Nxg3 17. Nxg3 exf4 18. Qh5 h6 19. Qxg6 Qxg5 20. Qh7+ Kf7 21. Bxf4
Qd5 22. Bd6+ Ke8 23. Rxf8+ Kd7 24. Qxg7+ 1-0

[Event "Championnat de France - Vétérans"]
[Site "Nimes"]
[Date "2009.08.14"]
[Round "4.8"]
[White "De Leeuw, Johannes"]
[Black "Degrave, Jack"]
[Result "0-1"]
[WhiteElo "1888"]
[BlackElo "2028"]
[PlyCount "96"]
[EventDate "2009.??.??"]

1. e4 e6 2. d4 d5 3. Bd3 dxe4 4. Bxe4 Nf6 5. Bf3 c5 6. c3 Nc6 7. Ne2 Qb6 8. O-O
Be7 9. Nd2 cxd4 10. Bxc6+ bxc6 11. Nxd4 Ba6 12. Re1 O-O 13. Qb3 Bb7 14. Qxb6
axb6 15. Nc4 Nd5 16. a3 Rfd8 17. Ne2 Ba6 18. Ne3 Bf6 19. Nxd5 Rxd5 20. Be3 c5
21. Nf4 Rd7 22. Rad1 Rad8 23. Rxd7 Rxd7 24. f3 g6 25. Kf2 Kg7 26. g3 h6 27. h4
e5 28. Ng2 Be7 29. Rc1 f5 30. Ke1 Bb7 31. Ke2 g5 32. hxg5 hxg5 33. c4 f4 34.
Bf2 e4 35. fxe4 Bxe4 36. Ne1 Bf6 37. b4 Bb2 38. Rd1 Rxd1 39. Kxd1 Bxa3 40. b5
Bb4 41. gxf4 gxf4 42. Ke2 Kf6 43. Bh4+ Kf5 44. Bd8 Ba5 45. Nf3 Kg4 46. Ne5+ Kg3
47. Bc7 Kg2 48. Ng4 Bf3+ 0-1

[Event "Championnat de France - Vétérans"]
[Site "Nimes"]
[Date "2009.08.14"]
[Round "4.9"]
[White "Rodriguez, Jean-Pierre"]
[Black "Tholey, Jean-Paul"]
[Result "0-1"]
[WhiteElo "1858"]
[BlackElo "2008"]
[PlyCount "146"]
[EventDate "2009.??.??"]

1. c4 Nf6 2. Nf3 e6 3. g3 d5 4. d4 c5 5. cxd5 exd5 6. Bg2 Nc6 7. O-O Bd6 8. Nc3
O-O 9. Bg5 Be6 10. Rc1 c4 11. e3 h6 12. Bxf6 Qxf6 13. Nd2 Ne7 14. Qe2 a6 15.
Rfd1 b5 16. e4 Qxd4 17. exd5 Bf5 18. Nde4 Qb6 19. Nxd6 Qxd6 20. Ne4 Bxe4 21.
Qxe4 Rac8 22. Rc2 Rfe8 23. Qg4 Rc5 24. Re2 Rd8 25. Red2 Nc8 26. Qd4 Qb6 27. Qe5
Nd6 28. Qf4 b4 29. Qd4 Rb5 30. Rc1 Qxd4 31. Rxd4 Ra5 32. Ra1 Rc8 33. a3 Nb5 34.
Rdd1 bxa3 35. bxa3 Rxa3 36. Rxa3 Nxa3 37. d6 Kf8 38. d7 Rd8 39. Bb7 Ke7 40. Bc8
Nb5 41. Rd5 Nd6 42. Re5+ Kf6 43. Re3 Nxc8 44. Re8 Rxd7 45. Rxc8 Ke5 46. Rxc4
Kd5 47. Rc2 a5 48. Kf1 a4 49. Ke1 a3 50. Kd1 Ra7 51. Ra2 Kc4 52. Kc2 Kb4 53.
Ra1 Rc7+ 54. Kd2 Rc3 55. Ra2 Rb3 56. Kc2 Rf3 57. Kb1 Kb3 58. Re2 Rd3 59. Re1
a2+ 60. Ka1 Rd2 61. Re3+ Kc4 62. Rf3 f6 63. h4 Kd4 64. Rf5 Ke4 65. Rf4+ Ke5 66.
Rf3 g5 67. hxg5 hxg5 68. g4 Rd4 69. Rf5+ Ke6 70. f3 Rf4 71. Kxa2 Rxf5 72. gxf5+
Kxf5 73. Kb2 Kf4 0-1

[Event "Championnat de France - Vétérans"]
[Site "Nimes"]
[Date "2009.08.14"]
[Round "4.10"]
[White "Mounier, Michel"]
[Black "Cousin, Philippe"]
[Result "0-1"]
[WhiteElo "1839"]
[BlackElo "1974"]
[PlyCount "188"]
[EventDate "2009.??.??"]

1. e4 c6 2. d4 d5 3. e5 Bf5 4. h4 h5 5. Bd3 Bxd3 6. Qxd3 e6 7. Ne2 Ne7 8. Bg5
Qa5+ 9. Bd2 Qc7 10. Ng3 c5 11. c3 Nbc6 12. Na3 a6 13. f4 c4 14. Qf3 g6 15. Nc2
Nf5 16. Ne3 Nce7 17. Ne2 Nxe3 18. Bxe3 Nf5 19. Bf2 Qb6 20. O-O Be7 21. g3 O-O
22. Kg2 Qd8 23. Rh1 Nh6 24. b3 Rc8 25. Rab1 b5 26. b4 Ra8 27. Ra1 a5 28. a3
axb4 29. cxb4 Qd7 30. Nc3 Ra6 31. Ra2 Rfa8 32. Rha1 Ng4 33. Bg1 Qb7 34. Qd1 Kg7
35. Qb1 Nh6 36. a4 bxa4 37. b5 Ra5 38. Rxa4 Qb6 39. Qb2 R5a7 40. Rxa7 Rxa7 41.
Rxa7 Qxa7 42. b6 Qb7 43. Qb5 Bd8 44. Na4 Nf5 45. Bf2 c3 46. Qb3 Bxb6 47. Nxc3
Qa6 48. Qd1 Nh6 49. Qe2 Qxe2 50. Nxe2 Nf5 51. Kf1 Kf8 52. Ke1 Ke8 53. Kd2 Kd7
54. Kc3 Ba5+ 55. Kb3 Kc6 56. Ka4 Kb6 57. Kb3 Kb5 58. Nc3+ Bxc3 59. Kxc3 Ka4 60.
Be1 Ne3 61. Kd3 Nc4 62. Kc3 Na3 63. Kb2 Nb5 64. Kc2 Nxd4+ 65. Kd3 Nb3 66. Kc3
Nc5 67. Kd4 Kb5 68. Kc3 Ne4+ 69. Kd4 Ka4 70. Ke3 Kb3 71. Kf3 Kc2 72. g4 hxg4+
73. Kxg4 Kd1 74. Ba5 Ke2 75. Bb6 Kd3 76. h5 gxh5+ 77. Kxh5 Ng3+ 78. Kg4 Nf5 79.
Kg5 Ke4 80. Ba5 Ne3 81. Bd2 Ng2 82. Kf6 Nxf4 83. Kxf7 Kxe5 84. Ke7 d4 85. Kd7
Ke4 86. Kd6 e5 87. Kc5 Kd3 88. Be1 e4 89. Bg3 Ne2 90. Be5 e3 91. Bf6 Nc1 92.
Bh4 Ke4 93. Kc4 d3 94. Kc3 Na2+ 0-1

[Event "Championnat de France - Vétérans"]
[Site "Nimes"]
[Date "2009.08.15"]
[Round "5.1"]
[White "Basic, Bosko"]
[Black "Ricter, Jean-Paul"]
[Result "1-0"]
[WhiteElo "2068"]
[BlackElo "2093"]
[PlyCount "125"]
[EventDate "2009.??.??"]

1. Nf3 d6 2. d4 Bg4 3. Nbd2 Nd7 4. e4 e5 5. Be2 Ngf6 6. c3 Be7 7. O-O O-O 8. h3
Bh5 9. Re1 c6 10. Qc2 Qc7 11. Nf1 Bg6 12. Ng3 d5 13. Bd3 Nxe4 14. Nxe5 Nxe5 15.
Bxe4 dxe4 16. dxe5 Qxe5 17. Be3 c5 18. Ne2 Rfd8 19. Rad1 h6 20. Nf4 Bf5 21. Qb3
b6 22. Nd5 Bf8 23. Bf4 Qe6 24. c4 Qc6 25. Qg3 Qg6 26. Qe3 Kh8 27. Kh1 Rd7 28.
g4 Be6 29. Qxe4 Qxe4+ 30. Rxe4 Rad8 31. Kg2 b5 32. b3 g5 33. Be5+ Bg7 34. Bxg7+
Kxg7 35. Re5 Bxd5+ 36. cxd5 Kf6 37. Rf5+ Kg6 38. f4 gxf4 39. Kf3 Re8 40. Kxf4
Re2 41. d6 Rf2+ 42. Ke4 Rxa2 43. Rxc5 Ra6 44. Ke5 Rb6 45. b4 Kg7 46. h4 Kf8 47.
Rc8+ Kg7 48. Rd5 a6 49. Ra8 Rc6 50. Rd4 Rc2 51. Rxa6 Re2+ 52. Kd5 Kf6 53. Rf4+
Kg7 54. Kc6 Rd8 55. Kc7 Rf8 56. Rd4 Rc2+ 57. Rc6 Ra2 58. d7 Ra7+ 59. Kd6 Raa8
60. Ke7 Rab8 61. Rdd6 Rb7 62. Rxh6 Ra7 63. Rb6 1-0

[Event "Championnat de France - Vétérans"]
[Site "Nimes"]
[Date "2009.08.15"]
[Round "5.2"]
[White "Vaisman, Volodia"]
[Black "Violeau, Jean-Luc"]
[Result "1-0"]
[WhiteElo "2356"]
[BlackElo "1890"]
[PlyCount "93"]
[EventDate "2009.??.??"]

1. Nf3 d5 2. c4 c6 3. d4 Nf6 4. Nc3 a6 5. a4 e6 6. e3 Nbd7 7. Bd3 Be7 8. O-O
O-O 9. e4 dxe4 10. Nxe4 Nxe4 11. Bxe4 Qc7 12. Re1 Nf6 13. Bc2 c5 14. Qd3 cxd4
15. Bg5 g6 16. Qxd4 Nh5 17. Bxe7 Qxe7 18. Rad1 b5 19. axb5 axb5 20. cxb5 Bb7
21. Ne5 Rfd8 22. Qe3 Rxd1 23. Bxd1 Nf6 24. Bf3 Nd5 25. Bxd5 Bxd5 26. Qc3 Qb7
27. Ng4 Bxg2 28. Nf6+ Kf8 29. Nxh7+ Kg8 30. Nf6+ Kf8 31. Qc5+ Kg7 32. Qe5 Bf3
33. h4 Kh6 34. Kh2 Qb8 35. Kg3 Qxe5+ 36. Rxe5 Kg7 37. Ne4 Bd1 38. Rc5 Ra4 39.
Nc3 Rg4+ 40. Kh2 Bf3 41. b6 Rb4 42. Rb5 Rd4 43. b7 Bxb7 44. Rxb7 Rd2 45. Kg3
Rd4 46. f3 e5 47. Ne4 1-0

[Event "Championnat de France - Vétérans"]
[Site "Nimes"]
[Date "2009.08.15"]
[Round "5.3"]
[White "Degrave, Jack"]
[Black "Pinchon, Henri"]
[Result "1-0"]
[WhiteElo "2028"]
[BlackElo "1944"]
[PlyCount "101"]
[EventDate "2009.??.??"]

1. d4 Nf6 2. e3 d6 3. f4 g6 4. Nf3 Bg7 5. Bd3 e6 6. O-O O-O 7. Nbd2 c6 8. c4 b6
9. Qc2 Na6 10. a3 Nc7 11. e4 Ng4 12. Nb3 f5 13. e5 d5 14. h3 Nh6 15. Bd2 Nf7
16. Rac1 Bb7 17. c5 Qd7 18. a4 Nd8 19. cxb6 axb6 20. a5 bxa5 21. Bxa5 Qc8 22.
Ra1 Re8 23. Nc5 Bf8 24. Rfc1 Be7 25. Bb6 Nb5 26. Qb3 Rxa1 27. Rxa1 Bxc5 28.
dxc5 Qd7 29. Bxb5 cxb5 30. Nd4 Nc6 31. Qxb5 g5 32. Ra7 Rc8 33. Ba5 Rb8 34. Rxb7
Rxb7 35. Qxc6 Qxc6 36. Nxc6 Rxb2 37. Na7 Ra2 38. c6 Rxa5 39. c7 Rc5 40. c8=Q+
Rxc8 41. Nxc8 gxf4 42. Nd6 Kg7 43. Kf2 h5 44. Nb5 Kf7 45. Kf3 Ke7 46. Nd4 Kf7
47. Kxf4 Ke7 48. h4 Kf7 49. Kg5 Ke7 50. Kxh5 Kf7 51. g3 1-0

[Event "Championnat de France - Vétérans"]
[Site "Nimes"]
[Date "2009.08.15"]
[Round "5.4"]
[White "Rosenfeld, Imre"]
[Black "Birens, Eric-Andre"]
[Result "1/2-1/2"]
[WhiteElo "1937"]
[BlackElo "2025"]
[PlyCount "43"]
[EventDate "2009.??.??"]

1. d4 Nf6 2. Nf3 c5 3. e3 b6 4. Bd3 Bb7 5. Nbd2 g6 6. b3 Bg7 7. Bb2 O-O 8. O-O
d6 9. c4 Nbd7 10. Qc2 e6 11. Ne4 Qc7 12. Rad1 Nxe4 13. Bxe4 d5 14. cxd5 exd5
15. Bd3 Rac8 16. Qe2 cxd4 17. Nxd4 Nc5 18. Rc1 Ne6 19. Nxe6 fxe6 20. Bxg7 Qxg7
21. Qd2 Qe7 22. b4 1/2-1/2

[Event "Championnat de France - Vétérans"]
[Site "Nimes"]
[Date "2009.08.15"]
[Round "5.5"]
[White "Tholey, Jean-Paul"]
[Black "Cortes, Jaime"]
[Result "1/2-1/2"]
[WhiteElo "2008"]
[BlackElo "1937"]
[PlyCount "99"]
[EventDate "2009.??.??"]

1. d4 Nf6 2. c4 e6 3. Nc3 Bb4 4. Qc2 d5 5. cxd5 exd5 6. Nf3 O-O 7. e3 c5 8.
dxc5 Nbd7 9. a3 Bxc3+ 10. Qxc3 Ne4 11. Qc2 Ndxc5 12. b4 Nd7 13. Bd3 Ndf6 14.
Bb2 Bg4 15. Rc1 Rc8 16. Qb1 Rxc1+ 17. Qxc1 Qe7 18. O-O Rc8 19. Qd1 h6 20. Re1
Rc6 21. h3 Bxf3 22. Qxf3 Qc7 23. Qd1 a6 24. Qa1 b5 25. Rc1 Nd2 26. Rxc6 Qxc6
27. Bd4 Nb3 28. Qb2 Qc1+ 29. Qxc1 Nxc1 30. Bf5 Ne2+ 31. Kf1 Nxd4 32. exd4 Ne8
33. Bc8 Nc7 34. Ke2 Kf8 35. Ke3 Ke7 36. h4 Kf6 37. g4 g5 38. h5 Ke7 39. f4 f6
40. fxg5 fxg5 41. Kf3 Kd8 42. Bb7 Kd7 43. Ke3 Kd6 44. Kd3 Ne8 45. Bxa6 Kc6 46.
Bc8 Nd6 47. Be6 Nc4 48. Bf7 Nxa3 49. Be8+ Kb6 50. Bf7 1/2-1/2

[Event "Championnat de France - Vétérans"]
[Site "Nimes"]
[Date "2009.08.15"]
[Round "5.6"]
[White "Belluire, Patrice"]
[Black "Auge, Jean"]
[Result "1-0"]
[WhiteElo "1985"]
[BlackElo "1927"]
[PlyCount "167"]
[EventDate "2009.??.??"]

1. e4 d5 2. exd5 Qxd5 3. Nc3 Qa5 4. d4 Nf6 5. Bc4 Bg4 6. f3 Bc8 7. Nge2 c6 8.
O-O e6 9. Bd2 Qc7 10. Ne4 Nbd7 11. Bf4 Qb6 12. Kh1 Nd5 13. Bd2 Be7 14. Qe1 h6
15. Rb1 Qd8 16. Qg3 Kf8 17. f4 N7f6 18. Nxf6 Nxf6 19. Bd3 Qd5 20. c4 Qd8 21.
Bc3 b5 22. b3 Bb7 23. Rbd1 a5 24. Qh3 b4 25. Bb2 Qc7 26. f5 exf5 27. Bxf5 Bc8
28. Ng3 Bd6 29. Rd3 Bxg3 30. Rxg3 Bxf5 31. Qxf5 Qe7 32. d5 cxd5 33. cxd5 Rd8
34. d6 Qxd6 35. Rxg7 Qe6 36. Qxe6 fxe6 37. Rg6 Rh7 38. Bxf6 Rd5 39. Bh4+ Rf7
40. Rgf6 Rxf6 41. Rxf6+ Kg7 42. Rxe6 Rd2 43. h3 Rxa2 44. Ra6 Ra3 45. Kh2 h5 46.
Bd8 Rxb3 47. Rxa5 Rd3 48. Be7 b3 49. Rxh5 Rd7 50. Ba3 Rd3 51. Bb2+ Kg6 52. Rb5
Kf7 53. h4 Kg6 54. h5+ Kh7 55. Rb6 Rd5 56. h6 Rh5+ 57. Kg3 Rg5+ 58. Kf3 Rf5+
59. Ke3 Rg5 60. Kf2 Rf5+ 61. Kg1 Rd5 62. Bg7 Rd1+ 63. Kh2 Rd3 64. Rb8 Re3 65.
Rb7 Rd3 66. Be5+ Kxh6 67. g3 Kg5 68. Kh3 Kf5 69. Bh8 Rd1 70. Rb5+ Kg6 71. Kg4
Rd3 72. Rb6+ Kh7 73. Be5 Kg8 74. Rb7 Kf8 75. Kf4 Kg8 76. g4 Kf8 77. g5 Rh3 78.
Kf5 Re3 79. Ke6 Kg8 80. g6 Rf3 81. Rb8+ Rf8 82. Rxf8+ Kxf8 83. g7+ Kg8 84. Bb2
1-0

[Event "Championnat de France - Vétérans"]
[Site "Nimes"]
[Date "2009.08.15"]
[Round "5.7"]
[White "Cousin, Philippe"]
[Black "Renault, Jean-Pierre"]
[Result "1-0"]
[WhiteElo "1974"]
[BlackElo "1919"]
[PlyCount "75"]
[EventDate "2009.??.??"]

1. d4 Nf6 2. Nf3 e6 3. c4 Bb4+ 4. Nc3 b6 5. a3 Bxc3+ 6. bxc3 Bb7 7. e3 O-O 8.
Bd3 Be4 9. Bxe4 Nxe4 10. Qc2 f5 11. O-O d6 12. Nd2 Nxd2 13. Bxd2 d5 14. f3 c5
15. Rad1 Nc6 16. Bc1 cxd4 17. cxd4 Na5 18. cxd5 exd5 19. e4 Rc8 20. Qa2 Nc4 21.
e5 f4 22. Rfe1 g5 23. a4 Re8 24. Qb1 Qd7 25. Re2 Qe6 26. g4 Rc7 27. h4 h6 28.
hxg5 hxg5 29. Rh2 Ree7 30. Kf2 Rh7 31. Rdh1 Rxh2+ 32. Rxh2 Qf7 33. Rh6 Na5 34.
e6 Qe8 35. Ba3 Qxa4 36. Rg6+ Rg7 37. Qd3 Qe8 38. Rf6 1-0

[Event "Championnat de France - Vétérans"]
[Site "Nimes"]
[Date "2009.08.15"]
[Round "5.8"]
[White "Andrieu, Philippe"]
[Black "Marbot, Raymond"]
[Result "1-0"]
[WhiteElo "1962"]
[BlackElo "1912"]
[PlyCount "69"]
[EventDate "2009.??.??"]

1. d4 Nf6 2. Bg5 e6 3. e4 h6 4. Bxf6 Qxf6 5. e5 Qd8 6. Nf3 b6 7. Nbd2 Bb7 8.
Bd3 Be7 9. Qe2 d5 10. Rd1 O-O 11. c3 Nd7 12. Bc2 Re8 13. O-O a5 14. Qd3 Nf8 15.
Qe3 Ba6 16. Rfe1 c5 17. a3 cxd4 18. cxd4 Rc8 19. Rc1 b5 20. Nb3 Qb6 21. Nc5 b4
22. axb4 axb4 23. Nd2 Bg5 24. f4 Be7 25. Nf3 Bc4 26. b3 Bb5 27. Bb1 Rc7 28. f5
exf5 29. Bxf5 Bd7 30. Nxd7 Nxd7 31. Rxc7 Qxc7 32. e6 Nf6 33. exf7+ Kxf7 34.
Qe6+ Kf8 35. Bg6 1-0

[Event "Championnat de France - Vétérans"]
[Site "Nimes"]
[Date "2009.08.15"]
[Round "5.9"]
[White "Labarthe, Arnaud"]
[Black "Dubreuil, Remy"]
[Result "1/2-1/2"]
[WhiteElo "1915"]
[BlackElo "1945"]
[PlyCount "61"]
[EventDate "2009.??.??"]

1. d4 Nf6 2. c4 g6 3. Nc3 Bg7 4. e4 d6 5. f4 O-O 6. Nf3 c5 7. d5 e6 8. Be2 exd5
9. exd5 Na6 10. O-O Nc7 11. a4 a5 12. Bd3 Ng4 13. h3 Nh6 14. g4 f5 15. g5 Nf7
16. h4 h5 17. Bd2 Na6 18. Ra3 Nb4 19. Qb1 Re8 20. Nd1 b6 21. Bc3 Ra7 22. Bxg7
Kxg7 23. Qc1 Kg8 24. Bb1 Rae7 25. Re3 Bd7 26. b3 Na6 27. Rfe1 Nc7 28. Qc3 Nh8
29. Kf2 Bc8 30. Bd3 Bd7 31. Nh2 1/2-1/2

[Event "Championnat de France - Vétérans"]
[Site "Nimes"]
[Date "2009.08.15"]
[Round "5.10"]
[White "Mosionzhik, Ilya"]
[Black "Laval, Hubert"]
[Result "1-0"]
[WhiteElo "2162"]
[BlackElo "1803"]
[PlyCount "87"]
[EventDate "2009.??.??"]

1. e4 d5 2. e5 Bf5 3. d4 e6 4. f4 Be7 5. Nf3 Nh6 6. Bd3 O-O 7. O-O f6 8. c3 c6
9. Re1 Bxd3 10. Qxd3 f5 11. Nbd2 Nd7 12. a4 a5 13. b3 Nf7 14. Ba3 Bxa3 15. Rxa3
Qe7 16. Ra2 g5 17. fxg5 Nxg5 18. Nxg5 Qxg5 19. c4 Kh8 20. cxd5 exd5 21. Nf3 Qe7
22. e6 Nf6 23. Qxf5 Ne4 24. Qe5+ Qg7 25. Qxg7+ Kxg7 26. Nd2 Rae8 27. Nxe4 Rxe6
28. Rae2 dxe4 29. Rxe4 Ref6 30. Re7+ R8f7 31. Rxf7+ Kxf7 32. Rf1 Rxf1+ 33. Kxf1
Ke6 34. Ke2 Kd5 35. Kd3 h6 36. g4 c5 37. dxc5 Kxc5 38. h4 Kd5 39. Ke3 Ke5 40.
Kf3 Kd4 41. g5 hxg5 42. hxg5 Kc3 43. g6 Kxb3 44. g7 1-0

[Event "Championnat de France - Vétérans"]
[Site "Nimes"]
[Date "2009.08.16"]
[Round "6.1"]
[White "Basic, Bosko"]
[Black "Vaisman, Volodia"]
[Result "0-1"]
[WhiteElo "2068"]
[BlackElo "2356"]
[PlyCount "68"]
[EventDate "2009.??.??"]

1. Nf3 g6 2. g3 Bg7 3. Bg2 e5 4. d4 exd4 5. Nxd4 Nf6 6. O-O O-O 7. c4 d6 8. Nc3
Nbd7 9. Nd5 c6 10. Nxf6+ Qxf6 11. Nf3 Nb6 12. Qc2 Qf5 13. e4 Qc5 14. Rb1 Qxc4
15. Qxc4 Nxc4 16. b3 Ne5 17. Ba3 Rd8 18. Nd2 a5 19. Nc4 Nxc4 20. bxc4 Be6 21.
Rfc1 Rab8 22. Bf1 f5 23. Rd1 c5 24. Rb6 Bd4 25. exf5 Bxf5 26. Bg2 Be6 27. Bd5
Bxd5 28. cxd5 Rd7 29. Rb5 Rf8 30. Rxa5 Rdf7 31. Rxd4 cxd4 32. Bxd6 d3 33. Bf4
Rxf4 34. gxf4 d2 0-1